01297nam a2200277 a 450000100100000000500170001000800410002704000250006808200190009310000250011224500780013726000390021530000200025449000380027450000510031259000260036365000620038965000390045165000890049071001050057983000440068491000380072895201160076695201220088299900150100400000221820200929150155.0090701s1998 dr 000 0 spa d aDO-SdBNPbspacBNPHU a303.483bS257p1 aSaunders, John9708510aPolítica de ciencia y tecnología para el desarrollo /cJohn Saunders. aSanto Domingo :bDupligraf,c1998. a56 p. ;c21 cm.1 aConversatorios de la reforma ;v6 aConversatorio realizado el 20 de mayo de 1998. aInventariado, 2018/BT 4aCiencia y tecnologíaxEnsayos, conferencias, etc.97086 4aInvestigación y desarrollo97087 4aReformas constitucionaleszRepública DominicanaxEnsayos, conferencias, etc.9708812aRepública Dominicana.bComisión Presidencial para la Reforma y Modernización del Estado.97089 0aConversatorios de la reforma ;n697090 aValidado. Control de calidad. EMS 0010718PDaPDbPDcHDd2009-07-01iLF1l0o303.483 S257pp2218-10r2020-06-25w2020-06-25yLFPDZNo se presta 0010718PDaPDbPDcHDd2013-05-22iLF1l0o303.483 S257pp2218-30r2020-06-25te. 2w2020-06-25yLFPDZNo se presta c2066d2066